A time of philippine history volume ten (Record no. 3443)
[ view plain ]
| 000 -LEADER | |
|---|---|
| fixed length control field | 00447nam a22001577a 4500 |
| 003 - CONTROL NUMBER IDENTIFIER | |
| control field | URS |
| 005 - DATE AND TIME OF LATEST TRANSACTION | |
| control field | 20220114142512.0 |
| 008 - FIXED-LENGTH DATA ELEMENTS--GENERAL INFORMATION | |
| fixed length control field | 191121s1998 ph a|||| |||| 00| 0 eng d |
| 040 ## - CATALOGING SOURCE | |
| Transcribing agency | 0 |
| 050 14 - LIBRARY OF CONGRESS CALL NUMBER | |
| Classification number | DS 668 |
| Item number | .K1913 1998 |
| 100 ## - MAIN ENTRY--PERSONAL NAME | |
| Personal name | Totanes,Henry S. |
| 245 12 - TITLE STATEMENT | |
| Title | A time of philippine history volume ten |
| Statement of responsibility, etc. | Henry S. Totanes |
| 260 ## - PUBLICATION, DISTRIBUTION, ETC. | |
| Name of publisher, distributor, etc. | Asia Publishing Company Limited; |
| Date of publication, distribution, etc. | [1998] |
| 300 ## - PHYSICAL DESCRIPTION | |
| Extent | 303 pages |
| Other physical details | with illustrations |
| Dimensions | 26 cm |
| 942 ## - ADDED ENTRY ELEMENTS (KOHA) | |
| Source of classification or shelving scheme | Library of Congress Classification |
| Koha item type | Reference |
| Withdrawn status | Source of classification or shelving scheme | Damaged status | Not for loan | Collection code | Home library | Current library | Shelving location | Date acquired | Total Checkouts | Full call number | Barcode | Date last seen | Price effective from | Koha item type |
|---|---|---|---|---|---|---|---|---|---|---|---|---|---|---|
| Library of Congress Classification | Non-fiction | Cainta College Library | Cainta College Library | On Display | 01/26/2018 | DS 668.K1913 1998 | URSCAI-2205 | 01/26/2018 | 01/26/2018 | Reference |